A rövidített képzési idő bevezetésének bemutatása és kritikus pontjainak elemzése a Wattay Középiskola és Szakiskolában

Bibliographic Details
Main Author: Bozó-Kutyifa Eszter
Other Authors: Karakasné Dr. Morvay PhD Klára
Format: Thesis
Kulcsszavak:OKJ
Kritikai elemzés
rövidített képzés
Kérdőív elemzés
bevezetés
Online Access:http://dolgozattar.uni-bge.hu/6250

MARC

LEADER 00000nta a2200000 i 4500
001 dolg6250
005 20160725103842.0
008 160513suuuu hu om 000 hun d
040 |a BGE Dolgozattár Repozitórium  |b hun 
041 |a hu 
100 1 |a Bozó-Kutyifa Eszter 
245 1 2 |a A rövidített képzési idő bevezetésének bemutatása és kritikus pontjainak elemzése a Wattay Középiskola és Szakiskolában  |c Bozó-Kutyifa Eszter  |h [elektronikus dokumentum] 
246 1 1 |a A rövidített képzési idő bevezetésének bemutatása és kritikus pontjainak elemzése a Wattay Középiskola és Szakiskolában 
520 3 |a Új szakképzési törvény miatt új szakképesítések bevezetése a Wattay Középiskola és Szakiskolában. Pályázat segít a bevezetésben. Projekt megvalósítás során felmerült kritikus pontok elemzése. 
695 |a OKJ 
695 |a Kritikai elemzés 
695 |a rövidített képzés 
695 |a Kérdőív elemzés 
695 |a bevezetés 
700 1 |a Karakasné Dr. Morvay PhD Klára  |e ths 
856 4 0 |u http://dolgozattar.uni-bge.hu/6250/1/Szakdolgozat%C3%BAj.pdf  |z Dokumentum-elérés